Cracking codes / (Record no. 2031)

MARC details
000 -LEADER
fixed length control field 00738nam a22002537a 4500
005 - DATE AND TIME OF LATEST TRANSACTION
control field 20241121150536.0
020 ## - INTERNATIONAL STANDARD BOOK NUMBER
International Standard Book Number 9781407114569
040 ## - CATALOGING SOURCE
Original cataloging agency FISKH
Language of cataloging eng
Transcribing agency FISKH
Modifying agency FISKH
082 ## - DEWEY DECIMAL CLASSIFICATION NUMBER
Classification number 001.5
100 ## - MAIN ENTRY--PERSONAL NAME
Personal name Kimpton, Diana
Dates associated with a name 1931-2013
245 ## - TITLE STATEMENT
Title Cracking codes /
Statement of responsibility, etc. Diana Kimpton illustrated by Mike Phillips
260 ## - PUBLICATION, DISTRIBUTION, ETC.
Place of publication, distribution, etc. London :
Name of publisher, distributor, etc. Scholastic,
Date of publication, distribution, etc. 2010
300 ## - PHYSICAL DESCRIPTION
Extent 158 pages :
Dimensions 20 cm
505 ## - FORMATTED CONTENTS NOTE
Formatted contents note U <br/>
520 ## - SUMMARY, ETC.
Summary, etc. This book tells the history of computing using comic book illustrations and humor.
521 ## - TARGET AUDIENCE NOTE
Target audience note 830 <br/>
Source Lexile <br/>
521 ## - TARGET AUDIENCE NOTE
Target audience note U <br/>
Source Raz-Plus <br/>
650 ## - SUBJECT ADDED ENTRY--TOPICAL TERM
Topical term or geographic name entry element Computers
650 ## - SUBJECT ADDED ENTRY--TOPICAL TERM
Topical term or geographic name entry element History of computers
650 ## - SUBJECT ADDED ENTRY--TOPICAL TERM
Topical term or geographic name entry element Computing
700 ## - ADDED ENTRY--PERSONAL NAME
Personal name Phillips, Mike
Titles and other words associated with a name Illustrator
942 ## - ADDED ENTRY ELEMENTS (KOHA)
Source of classification or shelving scheme Dewey Decimal Classification
Koha item type Books
Suppress in OPAC No
999 ## -
-- 2031
-- 2031
Holdings
Withdrawn status Lost status Source of classification or shelving scheme Damaged status Not for loan Collection Home library Current library Shelving location Date acquired Total Checkouts Full call number Barcode Date last seen Copy number Price effective from Koha item type Date last checked out
    Dewey Decimal Classification     Non-Fiction Footprints International School Library Network Toul Kork Campus Footprints International School Library Network Toul Kork Campus A TK Campus, 4th Floor, Room B401, Non-Fiction Bookcases(7-8) 11/01/2023   KIM 001.5 FISTKG4B032 11/01/2023 1 11/01/2023 Books  
    Dewey Decimal Classification     Non-Fiction Footprints International School Library Network Toul Kork Campus Footprints International School Library Network Toul Kork Campus A TK Campus, 4th Floor, Room B401, Non-Fiction Bookcases(7-8) 08/28/2025   KIM 001.5 FISTKG5B046 08/28/2025 3 08/28/2025 Books  
    Dewey Decimal Classification     Non-Fiction Footprints International School Library Network Toul Tom Poung Campus Footprints International School Library Network Toul Tom Poung Campus TTP Secondary Non-Fiction Bookshelves 11/01/2023 1 KIM 001.5 FIS05378 02/26/2025 2 11/01/2023 Books 02/05/2025